The Gift (Record no. 757022)

MARC details
000 -LEADER
fixed length control field 00512nam a22001937a 4500
005 - DATE AND TIME OF LATEST TRANSACTION
control field 20230911110833.0
008 - FIXED-LENGTH DATA ELEMENTS--GENERAL INFORMATION
fixed length control field 230911b sa ||||| |||| 00| 0 eng d
020 ## - INTERNATIONAL STANDARD BOOK NUMBER
International Standard Book Number <a href="9781846046285">9781846046285</a>
Qualifying information (pbk)
040 ## - CATALOGING SOURCE
Original cataloging agency RDA
Transcribing agency 3228
041 ## - LANGUAGE CODE
Language English
082 ## - DEWEY DECIMAL CLASSIFICATION NUMBER
-- 23
Classification number 159.93 EGER
942 ## - ADDED ENTRY ELEMENTS
Creator ID 6786
Creator Name Chimezie Obi
Modifier ID 6786
Modifier Name Chimezie Obi
100 ## - MAIN ENTRY--PERSONAL NAME
Personal name EGER,EDITH
245 ## - TITLE STATEMENT
Title The Gift
Cover Title A survivor's journey to freedom
Statement of responsibility, etc. Eger,Edith
Medium English
250 ## - EDITION STATEMENT
Edition statement First Edition
260 ## - PUBLICATION, DISTRIBUTION, ETC.
Place of publication, distribution, etc. London
Name of publisher, distributor, etc. Pengiun
Date of publication, distribution, etc. 2020
300 ## - PHYSICAL DESCRIPTION
Extent 246 pages
Dimensions 19cm
504 ## - BIBLIOGRAPHY, ETC. NOTE
Bibliography, etc. note ADULT
942 ## - ADDED ENTRY ELEMENTS
Source of classification or shelving scheme Dewey Decimal Classification
item type Book
Holdings
Withdrawn status Lost status Source of classification or shelving scheme Damaged status Not for loan Collection code Home library Current library Shelving location Date acquired Full call number Barcode Date last seen Price effective from item type
    Dewey Decimal Classification     800: Literature MBOMBELA REGIONAL LIBRARY Barberton General Stacks 11.09.2023 616.8521 EGER 33228031163627 11.09.2023 11.09.2023 Book